[Event "AUTO-INT-1894"]
[Site "http://www.queenalice.com/game.php?id=869181"]
[Date "2010.12.8"]
[Round "1"]
[White "Wyrmnax"]
[Black "CiceroLuis"]
[Result "1-0"]
[WhiteElo "1489"]
[BlackElo "1625"]

1. e4 e5 2. Bc4 Nf6 3. d3 Bb4+ 4. Bd2 Bxd2+ 5. Qxd2 d5 6. exd5 Nxd5 7. Nf3 Qd6
8. Nc3 c6 9. O-O b5 10. Bb3 b4 11. Nxd5 cxd5 12. Rfe1 Nc6 13. d4 e4 14. Ne5 Nxe5
15. Qg5 O-O 16. dxe5 Qc5 17. Rad1 Be6 18. c3 bxc3 19. bxc3 Qxc3 20. Re3 Qb2 21.
Rg3 g6 22. f3 exf3 23. gxf3 f6 24. exf6 Rxf6 25. Bxd5 Bxd5 26. Qxd5+ Kg7 27.
Qxa8 Qxa2 28. Rd7+ Kh6 29. Rh3+ Kg5 30. Rd5+ Kf4 31. Qb8+ Ke3 32. Qe5# 1-0

[Event "AUTO-INT-1894"]
[Site "http://www.queenalice.com/game.php?id=869182"]
[Date "2010.12.8"]
[Round "1"]
[White "CiceroLuis"]
[Black "Wyrmnax"]
[Result "1-0"]
[WhiteElo "1551"]
[BlackElo "1585"]

1. e4 c6 2. Nf3 d5 3. exd5 cxd5 4. c4 Nf6 5. d4 Bf5 6. Nc3 e6 7. a3 Ne4 8. Nxe4
Bxe4 9. c5 Nc6 10. Bb5 a6 11. Ba4 b5 12. Bb3 Rc8 13. Bc2 Bxc2 14. Qxc2 Be7 15.
O-O Bf6 16. Qd3 Qc7 17. b4 O-O 18. Ra2 Rfd8 19. Re2 Re8 20. Rfe1 g6 21. Bh6 Bg7
22. Qe3 e5 23. Bxg7 Kxg7 24. dxe5 Nxe5 25. Qc3 f6 26. Nxe5 fxe5 27. Rxe5 Rxe5
28. Qxe5+ Kh6 29. Qxd5 Rd8 30. Qf3 Qd7 31. Qh3+ Kg7 32. Qxd7+ Rxd7 33. h4 Rd3
34. Rc1 Rxa3 35. c6 Rb3 36. c7 1-0

[Event "AUTO-INT-1894"]
[Site "http://www.queenalice.com/game.php?id=869199"]
[Date "2010.12.8"]
[Round "1"]
[White "CiceroLuis"]
[Black "kiteflyer"]
[Result "0-1"]
[WhiteElo "1554"]
[BlackElo "1873"]

1. e4 e5 2. Nf3 Nc6 3. Nc3 Nf6 4. Bb5 Bb4 5. O-O O-O 6. d3 d6 7. Bd2 a6 8. Ba4
b5 9. Bb3 Bb7 10. a3 Ba5 11. Nd5 Nxd5 12. Bxd5 Bxd2 13. Qxd2 Rb8 14. c3 Na5 15.
Ba2 c5 16. b4 Nc6 17. bxc5 dxc5 18. Qe3 c4 19. dxc4 bxc4 20. Bxc4 Ne7 21. Nxe5
Qc7 22. Bxf7+ Rxf7 23. Nxf7 Kxf7 24. Rfe1 Re8 25. e5 Qc6 26. e6+ Kg8 27. Qh3 Rd8
28. Rad1 Rxd1 29. Rxd1 Qb6 30. c4 h6 31. Qd3 Qxe6 32. Qe3 Kf7 33. Re1 Qxe3 34.
Rxe3 Nf5 35. Re1 Bc6 0-1

[Event "AUTO-INT-1894"]
[Site "http://www.queenalice.com/game.php?id=869200"]
[Date "2010.12.8"]
[Round "1"]
[White "kiteflyer"]
[Black "CiceroLuis"]
[Result "1-0"]
[WhiteElo "1672"]
[BlackElo "1631"]

1. e4 e5 2. Nf3 Nc6 3. Bb5 d6 4. d4 a6 5. Ba4 b5 6. Bb3 Be6 7. d5 Nd4 8. Nxd4
exd4 9. dxe6 Qe7 10. exf7+ Kd8 11. fxg8=Q Rxg8 12. Bxg8 Qxe4+ 13. Qe2 Qxg2 14.
Rf1 Qxh2 15. Bg5+ Kd7 16. Qe6+ Kc6 17. Qd5+ Kd7 18. Be6+ 1-0

[Event "AUTO-INT-1894"]
[Site "http://www.queenalice.com/game.php?id=869201"]
[Date "2010.12.8"]
[Round "1"]
[White "CiceroLuis"]
[Black "El_Pagano1313"]
[Result "1-0"]
[WhiteElo "1588"]
[BlackElo "1590"]

1. e4 e5 2. Nf3 Nc6 3. Nc3 Nf6 4. Bb5 d6 5. O-O a6 6. Ba4 b5 7. Bb3 Na5 8. Bd5
Nxd5 9. Nxd5 Bb7 10. d4 Bxd5 11. exd5 e4 12. Ng5 Nc4 13. b3 Nb6 14. Re1 Nxd5 15.
Nxe4 Be7 16. Qh5 c6 17. Ng5 g6 18. Qh6 Nf6 19. Qg7 Kd7 20. Qh6 Ng4 21. Qh4 f5
22. h3 Qa5 23. Bb2 Qd2 24. hxg4 Bxg5 25. Qg3 Qxc2 26. Rab1 Bd2 27. Red1 Rhe8 28.
gxf5 Re1+ 29. Rxe1 Bxe1 30. Rxe1 Qxb2 31. Qh4 Re8 32. Qxh7+ Kd8 33. Rxe8+ Kxe8
34. fxg6 Qxd4 35. Qf7+ Kd8 36. g7 Qd1+ 37. Kh2 Qe2 38. g8=Q+ 1-0

[Event "AUTO-INT-1894"]
[Site "http://www.queenalice.com/game.php?id=869202"]
[Date "2010.12.8"]
[Round "1"]
[White "El_Pagano1313"]
[Black "CiceroLuis"]
[Result "0-1"]
[WhiteElo "1608"]
[BlackElo "1609"]

1. e4 e5 2. Nf3 Nc6 3. d4 exd4 4. Nxd4 Nxd4 5. Qxd4 c5 6. Qe5+ Qe7 7. Qxe7+ Bxe7
8. Bd3 Nf6 9. Nc3 O-O 10. O-O Re8 11. e5 Ng4 12. f4 d6 13. exd6 Bxd6 14. Nd5 Be6
15. Be4 Bd7 16. g3 Rxe4 17. c3 Re2 18. b4 c4 19. a4 Bc6 20. Nf6+ gxf6 21. b5
Rg2+ 22. Kh1 Rxh2+ 23. Kg1 Rh1# 0-1

[Event "AUTO-INT-1910"]
[Site "http://www.queenalice.com/game.php?id=878965"]
[Date "2010.12.30"]
[Round "1"]
[White "ValerioR"]
[Black "CiceroLuis"]
[Result "1-0"]
[WhiteElo "1544"]
[BlackElo "1604"]

1. e4 e5 2. f4 exf4 3. Bc4 c6 4. Nc3 b5 5. Bb3 a5 6. d4 a4 7. Bxf7+ Kxf7 8. Nf3
Bd6 9. h4 h5 10. Ng5+ Kf8 11. Rf1 Qc7 12. g3 Bb4 13. Bxf4 Bxc3+ 14. bxc3 Qb7 15.
Bd6+ 1-0

[Event "AUTO-INT-1910"]
[Site "http://www.queenalice.com/game.php?id=878966"]
[Date "2010.12.30"]
[Round "1"]
[White "CiceroLuis"]
[Black "ValerioR"]
[Result "1-0"]
[WhiteElo "1575"]
[BlackElo "1508"]

1. e4 d5 2. exd5 Qxd5 3. Nc3 Qa5 4. d4 c6 5. Bd2 Nf6 6. Nf3 Bg4 7. Ne4 Qf5 8.
Ng3 Bxf3 9. Nxf5 Bxd1 10. Rxd1 e6 11. Nh4 Bd6 12. Bd3 Ng4 13. f4 O-O 14. Be2 Nh6
15. O-O Nd7 16. c4 Nf5 17. Nxf5 exf5 18. c5 Nxc5 19. dxc5 Bxc5+ 20. Kh1 Rad8 21.
b4 Bd4 22. Bc1 Rfe8 23. Bd3 Bc3 24. a3 b5 25. Bxf5 Rxd1 26. Rxd1 Bd4 27. h3 c5
28. bxc5 Bxc5 29. Bd7 Rd8 30. Rd5 1-0

[Event "AUTO-INT-1910"]
[Site "http://www.queenalice.com/game.php?id=878979"]
[Date "2010.12.30"]
[Round "1"]
[White "CiceroLuis"]
[Black "Romerflu"]
[Result "0-1"]
[WhiteElo "1576"]
[BlackElo "1436"]

1. e4 e5 2. Nf3 d6 3. Bb5+ Bd7 4. a4 Bxb5 5. axb5 c5 6. bxc6 Nxc6 7. d4 Qa5+ 8.
Bd2 Qxa1 9. dxe5 Nxe5 10. Nxe5 dxe5 11. Bc3 Rd8 12. Qc1 Qa6 13. Bxe5 Qa5+ 14.
Bc3 Qb6 15. O-O Bc5 16. Bxg7 Bxf2+ 17. Rxf2 Ne7 18. Bxh8 Ng6 19. Bg7 a5 20. Kh1
Qxf2 21. h3 Nf4 22. Qg1 Rd1 0-1

[Event "AUTO-INT-1910"]
[Site "http://www.queenalice.com/game.php?id=878980"]
[Date "2010.12.30"]
[Round "1"]
[White "Romerflu"]
[Black "CiceroLuis"]
[Result "0-1"]
[WhiteElo "1347"]
[BlackElo "1568"]

1. e4 e5 2. Nf3 Nc6 3. Bd3 Nf6 4. O-O Bb4 5. c3 Ba5 6. b4 Bb6 7. Bc4 d5 8. Bb5
Nxe4 9. d3 Nxf2 10. Rxf2 Bxf2+ 11. Kxf2 O-O 12. Bxc6 bxc6 13. Nxe5 Qf6+ 14. Nf3
Bg4 15. h3 Bh5 16. g4 Bg6 17. Nd2 Bxd3 18. Kg1 Qxc3 19. Nb3 Be4 20. Nfd2 Qg3+
21. Kf1 Bd3+ 22. Qe2 Bxe2+ 23. Kxe2 Rfe8+ 24. Kd1 Qxh3 0-1

[Event "AUTO-INT-1910"]
[Site "http://www.queenalice.com/game.php?id=878981"]
[Date "2010.12.30"]
[Round "1"]
[White "CiceroLuis"]
[Black "agsantos"]
[Result "0-1"]
[WhiteElo "1617"]
[BlackElo "1811"]

1. e4 e5 2. Nf3 d6 3. Bb5+ Bd7 4. a4 Bxb5 5. axb5 Nf6 6. d3 Be7 7. c4 O-O 8. Nc3
c5 9. bxc6 Nxc6 10. O-O h6 0-1

[Event "AUTO-INT-1910"]
[Site "http://www.queenalice.com/game.php?id=878982"]
[Date "2010.12.30"]
[Round "1"]
[White "agsantos"]
[Black "CiceroLuis"]
[Result "0-1"]
[WhiteElo "1493"]
[BlackElo "1604"]

1. e4 e5 2. Bc4 Nf6 3. d3 d5 4. exd5 Nxd5 5. Nf3 Nc6 6. O-O a6 7. Nc3 Be6 8. a3
Nxc3 9. bxc3 Bxc4 10. dxc4 Be7 11. Qxd8+ Rxd8 12. Be3 O-O 13. a4 e4 14. Nd4 Na5
15. Nf5 Bf6 16. Ra3 Nxc4 17. Rb3 Na5 18. Rb4 Rfe8 19. Bd4 Re6 20. Bxf6 Rxf6 21.
Ng3 Re8 22. Nxe4 Rfe6 23. f3 b6 24. Re1 f5 25. Nf6+ gxf6 26. Rxe6 Rxe6 27. Rd4
Rd6 28. Rf4 Rd5 29. g4 fxg4 30. fxg4 Kg7 31. Rf2 Rg5 32. h3 h5 33. Kg2 hxg4 34.
Rd2 gxh3+ 35. Kxh3 Kg6 36. Rd4 f5 37. Kh4 Rg4+ 38. Rxg4+ fxg4 39. Kxg4 Kf6 40.
Kf4 Ke6 41. Ke4 Kd6 42. Kd4 c5+ 0-1

[Event "AUTO-INT-1999"]
[Site "http://www.queenalice.com/game.php?id=921684"]
[Date "2011.4.4"]
[Round "1"]
[White "CiceroLuis"]
[Black "Givanildo"]
[Result "0-1"]
[WhiteElo "1604"]
[BlackElo "1576"]

1. e4 e5 2. Nf3 Qf6 3. Bb5 c6 4. Ba4 b5 5. Bb3 Bc5 6. O-O Ne7 7. a3 d6 8. c3 h6
9. d3 Bg4 10. h3 Bh5 11. Ba2 g5 12. b4 Bb6 13. c4 g4 14. hxg4 Bxg4 0-1

[Event "AUTO-INT-1999"]
[Site "http://www.queenalice.com/game.php?id=921685"]
[Date "2011.4.4"]
[Round "1"]
[White "Givanildo"]
[Black "CiceroLuis"]
[Result "0-1"]
[WhiteElo "1649"]
[BlackElo "1602"]

1. e4 e5 2. Bc4 c6 3. Qf3 Nf6 4. d3 Bb4+ 5. c3 Ba5 6. b4 Bc7 7. Bxf7+ Kxf7 8.
Nh3 d5 9. Bg5 h6 10. Bxf6 Qxf6 11. Qh5+ g6 12. Qf3 Qxf3 13. gxf3 Bxh3 14. Nd2 d4
15. c4 b6 16. b5 cxb5 17. cxb5 a6 18. Nc4 axb5 19. Nd2 Nc6 20. Rb1 b4 21. Nc4
Rxa2 22. Nd2 Rf8 23. Rg1 Kg7 24. Rg3 Be6 25. h4 h5 26. Rg5 Bd8 27. Rg3 Bxh4 28.
Rg1 Kh6 29. Nb3 Bxf2+ 30. Kf1 Rxf3 31. Rh1 Bh3+ 32. Rxh3 Rxh3 33. Nc1 Rc2 34.
Ne2 Rh1+ 35. Kxf2 Rxb1 36. Kf3 Kg5 37. Ng3 h4 0-1

[Event "AUTO-INT-1999"]
[Site "http://www.queenalice.com/game.php?id=921686"]
[Date "2011.4.4"]
[Round "1"]
[White "CiceroLuis"]
[Black "cucalegal"]
[Result "0-1"]
[WhiteElo "1620"]
[BlackElo "1628"]

1. e4 e5 2. Nf3 Nf6 3. Nc3 a5 4. Bc4 Nc6 5. O-O h6 6. Re1 d6 7. a3 Bg4 8. h3
Bxf3 9. Qxf3 Nd4 10. Qd3 Nh5 11. Nd5 c6 12. Ne3 Nf4 13. Qf1 Ng6 14. c3 Ne6 15.
Bxe6 fxe6 16. b4 axb4 17. cxb4 b5 18. Qd3 Nf4 19. Qb3 Qd7 0-1

[Event "AUTO-INT-1999"]
[Site "http://www.queenalice.com/game.php?id=921687"]
[Date "2011.4.4"]
[Round "1"]
[White "cucalegal"]
[Black "CiceroLuis"]
[Result "1-0"]
[WhiteElo "1690"]
[BlackElo "1616"]

1. e4 e5 2. Nf3 Nc6 3. Nc3 Nf6 4. d3 Bb4 5. a3 Ba5 6. b4 Bb6 7. Bg5 d6 8. Nd5
Be6 9. Nxf6+ gxf6 10. Be3 Bxe3 11. fxe3 Qd7 12. c4 f5 13. exf5 Bxf5 14. h3 O-O-O
15. Qa4 e4 16. Ng5 Rhg8 17. Nxe4 Bxe4 18. dxe4 Rde8 19. Qc2 Qe7 20. Rh2 Qxe4 21.
Qxe4 Rxe4 22. Kf2 Rge8 23. Re1 Ne5 24. g3 Nxc4 25. Bxc4 Rxc4 26. Kf3 Rc3 27. Ra2
d5 28. Rd2 c6 29. a4 Rb3 30. b5 cxb5 31. Rxd5 bxa4 32. Ra5 b5 33. Rxa7 Rf8 34.
Ra8+ 1-0